[Event "Festival Primavera Cattolica 2022"]
[Site "Cattolica"]
[Date "2022.03.18"]
[Round "5.6"]
[White "Moksh Amit Doshi"]
[Black "Dimitrov, Radoslav"]
[Result "1/2-1/2"]
[WhiteElo "2396"]
[BlackElo "2487"]
[Annotator "TA"]
[PlyCount "143"]
[EventDate "2022.03.16"]
[EventType "swiss"]
[EventCountry "ITA"]
[SourceTitle "playchess.com"]
[Source "ChessBase"]
[SourceQuality "1"]

{[%evp 9,143,51,44,44,56,47,41,31,33,29,55,15,12,7,15,12,14,11,8,0,0,0,30,3,15,-43,-39,-44,-44,-62,-60,-58,-58,-138,-166,-143,-39,-73,-91,-119,-125,-126,-126,-147,-107,-224,-199,-191,-48,-32,-47,-46,-52,-40,-39,-56,-8,-50,-16,-25,-25,-16,-8,-23,-22,-61,0,0,0,-8,0,0,0,0,0,0,0,0,0,0,0,0,0,0,0,0,0,0,0,0,0,0,0,0,0,0,0,0,0,0,0,0,0,0,0,0,0,0,0,0,0,0,0,0,0,0,0,0,0,0,0,0,0,0,0,0,0,0,0,0,0,0,0,0,0,0]} 1. d4 Nf6 2. c4 b6 3. f3 e6 4. e4 Bb4+ 5. Bd2 Bxd2+ 6. Qxd2 {A50: Queen's Fianchetto Defence (1 d4 Nf6 2 c4 b6).} O-O 7. Nc3 c5 {[#]} 8. d5 $146 {White is slightly better.} ({Predecessor:} 8. Nge2 Ba6 9. b3 d6 10. Rd1 Nbd7 11. d5 exd5 12. Nxd5 Ne8 13. Ng3 Ne5 14. Be2 {1-0 (30) Baryshpolets,A (2526)-Shirazi,K (2373) Cappelle la Grande 2013}) 8... exd5 9. cxd5 d6 10. Bd3 Nbd7 11. Nge2 Ne5 12. O-O Nxd3 13. Qxd3 Re8 14. Rfe1 a6 15. a4 Bd7 16. Ng3 b5 17. f4 (17. Qd2 $11) 17... Qb6 $15 18. a5 Qa7 {Threatens to win with ...h5.} 19. Kh1 c4 20. Qd2 b4 21. Na4 ({Better is} 21. Na2 $1 $15) 21... Bxa4 $17 22. Rxa4 Ng4 (22... h5 $1 $17 {[%cal Rh5h4] aiming for ...h4.} 23. Raa1 (23. Rxb4 $2 h4 $19) 23... Qc5) 23. Rf1 Rab8 {[%cal Oc4c3]} (23... c3 {with more complications.} 24. bxc3 bxc3 25. Qe2 Ne3 26. Re1 Rab8) 24. h3 {[#]} Qe3 $1 25. Qxe3 (25. Qe1 Qxe1 26. Rxe1 Nf2+ 27. Kh2 Nd3 $19) 25... Nxe3 26. Rc1 h5 ({Not} 26... c3 27. bxc3 Rec8 28. Ne2 $17) 27. h4 (27. Kg1 $17 h4 28. Kf2 Nxd5 29. exd5 hxg3+ 30. Kxg3) 27... c3 28. bxc3 {[#]} b3 (28... Rec8 $1 $19 {[%cal Rc8c3]} 29. Ne2 b3) 29. Rb1 $15 b2 30. Nf5 $1 Nxf5 31. exf5 {[%mdl 4096] Endgame KRR-KRR} Re3 32. Rc4 Rb5 (32... Rd3 $1 $15 {might be stronger.}) 33. Rc6 (33. Kh2 $11) 33... Rxa5 {White must now prevent ...Ra1.} (33... Re2 {keeps more tension.} 34. Rb6 Rxa5 35. R6xb2 Rxb2 36. Rxb2 Rxd5 37. Rb6 Rxf5 38. g3 Rc5) 34. Rxb2 Rxd5 35. Rxa6 Rxc3 36. f6 gxf6 37. Ra7 Kg7 (37... Rc4 $15 38. Rb8+ Kg7) 38. Rbb7 $11 {The position is equal.} Kg6 {Threatening ...Rc4.} 39. Rxf7 Rd1+ 40. Kh2 Rcc1 41. Kg3 Rc3+ 42. Kh2 d5 43. Rh7 Kf5 44. Rxh5+ Kg4 45. Rhh7 Rcc1 {[%csl Gc1][%cal Rd1h1]} 46. Rhg7+ Kxf4 {[%csl Gc1][%cal Rd1h1]} 47. g3+ Kf5 48. Ra2 {Inhibits Rd2+.} Rh1+ 49. Kg2 Rcg1+ 50. Kf3 Rxh4 51. Rd2 {Prevents Rd4.} Ke6 52. Re2+ Kd6 53. Rg6 Rf1+ 54. Kg2 Rhh1 55. Rxf6+ Rxf6 56. Kxh1 {KR-KR} d4 57. Kg2 Kc5 58. Re8 $1 d3 (58... Rd6 $5 {[%cal Rd4d3]}) 59. Rd8 Kc4 60. g4 Rf4 61. g5 $1 Kc3 {...d2 is the strong threat.} 62. Rc8+ Kb2 63. Rd8 Kc2 64. Kg3 Rc4 {( -> ...d2)} 65. Kf3 ({But not} 65. g6 $2 Rc6 66. Kf3 Rxg6 $19) 65... d2 66. Ke2 {Inhibits d1Q+.} Re4+ 67. Kf3 Re8 68. Rd7 d1=Q+ 69. Rxd1 Kxd1 70. Kf4 Ke2 71. g6 Ra8 72. Ke4 {Weighted Error Value: White=0.10 (very precise) /Black=0.12 (very precise)} 1/2-1/2

[Event "Festival Primavera Cattolica 2022"]
[Site "Cattolica"]
[Date "2022.03.18"]
[Round "5.7"]
[White "Roshka, Yevgeniy"]
[Black "Wachinger, Nikolas"]
[Result "1/2-1/2"]
[WhiteElo "2478"]
[BlackElo "2398"]
[Annotator "ChessBase"]
[PlyCount "118"]
[EventDate "2022.03.16"]
[EventType "swiss"]
[EventCountry "ITA"]
[SourceTitle "playchess.com"]
[Source "ChessBase"]
[SourceQuality "1"]
[TimeControl "30/3600+30:1800+30"]

1. e4 {[%emt 0:00:19]} c5 {[%emt 0:00:37]} 2. Nf3 {[%emt 0:00:22]} d6 {[%emt 0:00:25]} 3. Bb5+ {[%emt 0:00:39]} Nd7 {[%emt 0:00:13]} 4. O-O {[%emt 0:00:13]} a6 {[%emt 0:00:10]} 5. Bd3 {[%emt 0:00:04]} Ngf6 {[%emt 0:00:22]} 6. Re1 {[%emt 0:00:12]} e6 {[%emt 0:00:12]} 7. c3 {[%emt 0:00:08]} b5 {[%emt 0:00:17]} 8. Bc2 {[%emt 0:00:04]} c4 {[%emt 0:00:10]} 9. a4 {[%emt 0:00:03]} Bb7 {[%emt 0:00:12]} 10. axb5 {[%emt 0:00:04]} axb5 {[%emt 0:00:04]} 11. Ra6 {[%emt 1:03:52]} Ra7 12. Rxa7 {[%emt 0:00:00]} Qb8 {[%emt 1:03:48]} 13. Ra8 Qxa8 {[%emt 0:00:00]} 14. Na3 {[%emt 0:00:00]} Bxe4 {[%emt 0:00:00]} 15. Bxe4 {[%emt 0:00:00]} Nxe4 {[%emt 0:00:00]} 16. Nxb5 {[%emt 0:00:00]} Qb7 {[%emt 0:00:00]} 17. d3 {[%emt 0:00:00]} cxd3 {[%emt 0:00:00]} 18. Qxd3 {[%emt 0:00:00]} d5 {[%emt 0:00:00]} 19. b4 {[%emt 0:00:00]} Be7 {[%emt 0:00:00]} 20. Bg5 {[%emt 0:00:00]} Nxg5 {[%emt 0:00:00]} 21. Nxg5 {[%emt 0:00:00]} g6 {[%emt 0:00:00]} 22. Ra1 {[%emt 0:00:00]} O-O {[%emt 0:00:00]} 23. Ra7 {[%emt 0:00:00]} Qc8 {[%emt 0:00:00]} 24. Nf3 {[%emt 0:00:00]} Bd8 {[%emt 0:00:00]} 25. g3 {[%emt 0:00:00]} Bb6 {[%emt 0:00:00]} 26. Ra2 {[%emt 0:00:00]} Qc6 {[%emt 0:00:00]} 27. Nbd4 {[%emt 0:00:00]} Qc7 {[%emt 0:00:00]} 28. Nb5 {[%emt 0:00:00]} Qc6 {[%emt 0:00:00]} 29. Nbd4 {[%emt 0:00:00]} Qb7 {[%emt 0:00:00]} 30. Re2 {[%emt 0:00:00]} Rc8 {[%emt 0:00:00]} 31. h4 {[%emt 0:33:06]} Qc7 {[%emt 0:22:57]} 32. Qb5 {[%emt 0:00:00]} Nf6 {[%emt 0:00:00]} 33. Kg2 {[%emt 0:00:00]} Ne4 {[%emt 0:00:00]} 34. Qa6 {[%emt 0:00:00]} Qb8 {[%emt 0:00:00]} 35. Ne5 {[%emt 0:00:00]} Rxc3 {[%emt 0:12:51]} 36. Nd7 {[%emt 0:00:00]} Qd6 {[%emt 0:00:03]} 37. Nxb6 {[%emt 0:00:00]} Nxf2 {[%emt 0:00:13]} 38. Nf3 {[%emt 0:00:00]} Ne4 {[%emt 0:00:12]} 39. Rxe4 {[%emt 0:00:00]} dxe4 {[%emt 0:00:30]} 40. Qa8+ {[%emt 0:00:00]} Kg7 {[%emt 0:00:19]} 41. Qxe4 {[%emt 0:00:00]} Rxf3 {[%emt 0:01:30]} 42. Qxf3 {[%emt 0:00:00]} Qxb6 {[%emt 0:00:04]} 43. Qc3+ {[%emt 0:00:00]} Kf8 {[%emt 0:01:27]} 44. Qc4 {[%emt 0:00:00]} Ke7 {[%emt 0:00:47]} 45. b5 {[%emt 0:00:00]} Kd7 {[%emt 0:00:48]} 46. Kf3 {[%emt 0:03:01]} f5 {[%emt 0:00:56]} 47. Qd3+ {[%emt 0:02:29]} Qd6 {[%emt 0:00:25]} 48. Qc4 {[%emt 0:00:15]} h6 {[%emt 0:01:37]} 49. Qa4 {[%emt 0:01:24]} Qb6 {[%emt 0:01:25]} 50. Qc4 {[%emt 0:00:09]} g5 {[%emt 0:00:20]} 51. hxg5 {[%emt 0:00:06]} hxg5 {[%emt 0:00:02]} 52. Ke2 {[%emt 0:01:35]} Qd6 {[%emt 0:01:22]} 53. Qa4 {[%emt 0:00:40]} Qxg3 {[%emt 0:01:30]} 54. Qa7+ {[%emt 0:00:13]} Ke8 {[%emt 0:00:12]} 55. b6 {[%emt 0:00:31]} Qe5+ {[%emt 0:00:09]} 56. Kd3 {[%emt 0:01:11]} Qd5+ {[%emt 0:00:01]} 57. Kc3 {[%emt 0:00:47]} Qc5+ {[%emt 0:00:14]} 58. Kb3 {[%emt 0:00:05]} Qb5+ {[%emt 0:01:08]} 59. Ka3 {[%emt 0:00:27]} Qc5+ {[%emt 0:00:47]} 1/2-1/2

[Event "Festival Primavera Cattolica 2022"]
[Site "Cattolica"]
[Date "2022.03.18"]
[Round "5.8"]
[White "Ohanyan, Emin"]
[Black "Mirzoev, Emil"]
[Result "1-0"]
[WhiteElo "2379"]
[BlackElo "2460"]
[Annotator "ChessBase"]
[PlyCount "65"]
[EventDate "2022.03.16"]
[EventType "swiss"]
[EventCountry "ITA"]
[SourceTitle "playchess.com"]
[Source "ChessBase"]
[SourceQuality "1"]
[TimeControl "30/3600+30:1800+30"]

1. e4 {[%emt 0:00:02]} e6 {[%emt 0:11:32]} 2. d4 {[%emt 0:00:04]} d5 {[%emt 0:00:08]} 3. Nc3 {[%emt 0:00:03]} Nf6 {[%emt 0:00:16]} 4. e5 {[%emt 0:00:10]} Nfd7 {[%emt 0:00:04]} 5. f4 {[%emt 0:00:03]} c5 {[%emt 0:00:06]} 6. Nf3 {[%emt 0:00:01]} Nc6 {[%emt 0:00:07]} 7. Be3 {[%emt 0:00:03]} Be7 {[%emt 0:00:04]} 8. Qd2 {[%emt 0:04:00]} a6 {[%emt 0:00:08]} 9. Ne2 {[%emt 0:04:51]} b5 {[%emt 0:02:37]} 10. g3 {[%emt 0:01:54]} O-O {[%emt 0:04:03]} 11. Bg2 {[%emt 0:06:15]} b4 {[%emt 0:02:47]} 12. O-O {[%emt 0:01:25]} a5 {[%emt 0:00:12]} 13. g4 {[%emt 0:10:11]} Ba6 {[%emt 0:02:06]} 14. Rf2 {[%emt 0:01:16]} Bxe2 {[%emt 0:43:20]} 15. Qxe2 {[%emt 0:03:52]} cxd4 {[%emt 0:00:00]} 16. Nxd4 {[%emt 0:00:15]} Nxd4 {[%emt 0:00:00]} 17. Bxd4 {[%emt 0:00:17]} Rc8 {[%emt 0:00:00]} 18. f5 {[%emt 0:08:01]} Bc5 {[%emt 0:00:00]} 19. c3 {[%emt 0:04:03]} bxc3 {[%emt 0:00:00]} 20. bxc3 {[%emt 0:00:06]} Bxd4 {[%emt 0:00:00]} 21. cxd4 {[%emt 0:00:07]} Qg5 {[%emt 0:00:00]} 22. Raf1 {[%emt 0:04:19]} Rc4 {[%emt 0:00:00]} 23. fxe6 {[%emt 0:02:43]} fxe6 {[%emt 0:00:00]} 24. Bxd5 {[%emt 0:01:08]} exd5 {[%emt 0:00:00]} 25. Rxf8+ {[%emt 0:00:22]} Nxf8 {[%emt 0:00:00]} 26. Qf3 {[%emt 0:00:33]} h5 {[%emt 0:00:00]} 27. Qxd5+ {[%emt 0:01:44]} Kh7 {[%emt 0:00:00]} 28. Qxc4 {[%emt 0:00:16]} Qxg4+ {[%emt 0:00:00]} 29. Kf2 {[%emt 0:00:10]} Ne6 {[%emt 0:00:00]} 30. Ke3 {[%emt 0:00:00]} Qg5+ {[%emt 0:00:00]} 31. Kd3 {[%emt 0:10:11]} Qg2 {[%emt 0:03:04]} 32. Kc3 {[%emt 0:10:24]} Ng5 {[%emt 0:00:05]} 33. Re1 {[%emt 0:02:36]} 1-0

[Event "Festival Primavera Cattolica 2022"]
[Site "Cattolica"]
[Date "2022.03.18"]
[Round "5.9"]
[White "Nesterov, Arseniy"]
[Black "Park, Evan"]
[Result "1-0"]
[WhiteElo "2522"]
[BlackElo "2296"]
[Annotator "TA"]
[PlyCount "107"]
[EventDate "2022.03.16"]
[EventType "swiss"]
[EventCountry "ITA"]
[SourceTitle "playchess.com"]
[Source "ChessBase"]
[SourceQuality "1"]

{[%evp 21,107,15,17,10,26,24,31,28,46,16,12,5,11,0,0,-6,8,11,8,-7,-7,-5,31,47,31,37,14,0,8,0,4,0,0,-54,-23,-22,10,10,8,0,0,-32,-7,-33,0,-17,0,0,0,0,50,23,17,8,8,8,8,0,0,0,0,0,0,0,0,0,0,0,0,0,0,0,0,0,0,0,0,0,0,0,0,0,8,8,8,8,333,222]} 1. c4 e6 2. Nc3 d5 3. d4 Bb4 4. Nf3 Nf6 5. Bg5 h6 6. Bxf6 Qxf6 7. e3 O-O 8. Rc1 c6 9. a3 Bxc3+ 10. Rxc3 Nd7 11. cxd5 exd5 12. Bd3 {D38: Queen's Gambit Declined: Ragozin Defence (4 Nf3 Bb4).} a5 13. O-O {[#]} Qd6 $146 ({Predecessor:} 13... Qe7 14. Qc2 {½-½ (14) Malisauskas,V (2477)-Swiercz,D (2553) Warsaw 2011}) 14. h3 {White is slightly better.} Nf6 15. Bb1 Be6 16. Ne5 Ne4 17. Rc1 Bf5 18. Qe1 f6 19. Nd3 Qe7 20. Nf4 g5 21. Nd3 h5 22. Nc5 Nd6 23. Bxf5 Nxf5 24. Qd1 Qf7 25. Re1 Rae8 26. Qc2 Nd6 27. f3 ({White should try} 27. Qc3 $11) 27... f5 28. Qf2 f4 29. exf4 Qxf4 30. Nd3 Qf5 31. Ne5 Re6 32. Re2 Rfe8 33. Rce1 $1 Nf7 {[%cal Rf7e5]} 34. Nd3 b6 35. Re3 Nd6 {[#]} (35... Kg7 $11) 36. Re5 $1 $14 Qf6 (36... Rxe5 37. Nxe5) 37. Qg3 Nf7 38. Rxe6 Rxe6 39. Rxe6 Qxe6 40. Qb8+ Kg7 {[#] Strongly threatening ...Qe3+.} 41. Kf2 {Prevents Qe3+.} Qf5 42. Ke3 c5 43. dxc5 {Active counter play!} bxc5 ({But not} 43... d4+ 44. Kxd4 bxc5+ 45. Nxc5 $16) 44. Nxc5 Qc2 {[%csl LRc5,LRg2]} 45. Qc7 {Black must now prevent Ne6+.} Qxb2 46. Qxa5 Qxg2 47. Qc3+ Kg6 48. Qd3+ Kg7 $1 {And now ...Qg1+ would win.} 49. Qd4+ Kg6 50. Qxd5 Qg1+ 51. Kd2 Qh2+ ({Don't play} 51... Kg7 52. Ne4 $14) 52. Kc3 {Qc6+ is the strong threat.} Qxh3 53. Qc6+ Kh7 $2 {[%mdl 8192]} (53... Kg7 $1 $11 {and Black has nothing to worry.}) 54. Qf6 {Weighted Error Value: White=0.06 (flawless) /Black=0.22 (precise)} 1-0

[Event "Festival Primavera Cattolica 2022"]
[Site "Cattolica"]
[Date "2022.03.18"]
[Round "5.10"]
[White "Reuker, Jari"]
[Black "Damia, Angelo"]
[Result "1-0"]
[WhiteElo "2425"]
[BlackElo "2223"]
[Annotator "ChessBase"]
[PlyCount "49"]
[EventDate "2022.03.16"]
[EventType "swiss"]
[EventCountry "ITA"]
[SourceTitle "playchess.com"]
[Source "ChessBase"]
[SourceQuality "1"]
[TimeControl "30/3600+30:1800+30"]

1. e4 {[%emt 0:02:31]} c5 {[%emt 0:00:39]} 2. Nf3 {[%emt 0:00:19]} d6 {[%emt 0:00:08]} 3. d4 {[%emt 0:00:08]} cxd4 {[%emt 0:00:07]} 4. Nxd4 {[%emt 0:00:03]} Nf6 {[%emt 0:00:09]} 5. Nc3 {[%emt 0:00:05]} Nc6 {[%emt 0:01:01]} 6. f3 {[%emt 0:01:31]} e6 {[%emt 0:06:22]} 7. Be3 {[%emt 0:00:15]} Bd7 {[%emt 0:00:44]} 8. Qd2 {[%emt 0:00:21]} a6 {[%emt 0:01:17]} 9. O-O-O {[%emt 0:00:34]} b5 {[%emt 0:03:25]} 10. Nxc6 {[%emt 0:02:35]} Bxc6 {[%emt 0:00:19]} 11. g4 {[%emt 0:01:05]} Be7 {[%emt 0:03:21]} 12. g5 {[%emt 0:24:32]} Nd7 {[%emt 0:00:39]} 13. h4 {[%emt 0:00:20]} Qa5 {[%emt 0:03:36]} 14. Kb1 {[%emt 0:01:25]} Ne5 {[%emt 0:02:39]} 15. f4 {[%emt 0:07:24]} b4 {[%emt 0:06:06]} 16. Nd5 {[%emt 0:02:00]} exd5 {[%emt 0:01:25]} 17. exd5 {[%emt 0:01:32]} Nf3 {[%emt 0:00:31]} 18. Qd3 {[%emt 0:03:45]} Bb5 {[%emt 0:14:48]} 19. Qe4 {[%emt 0:00:32]} Bxf1 {[%emt 0:00:16]} 20. Rhxf1 {[%emt 0:06:28]} Nxh4 {[%emt 0:01:32]} 21. f5 {[%emt 0:00:13]} Nxf5 {[%emt 0:00:07]} 22. Qxf5 {[%emt 0:00:55]} Rf8 {[%emt 0:02:50]} 23. Bd4 {[%emt 0:01:11]} g6 {[%emt 0:00:53]} 24. Qe4 {[%emt 0:00:32]} Qd8 {[%emt 0:03:33]} 25. Rde1 {[%emt 0:01:09]} 1-0

[Event "Festival Primavera Cattolica 2022"]
[Site "Cattolica"]
[Date "2022.03.19"]
[Round "6.1"]
[White "Dardha, Daniel"]
[Black "Bernadskiy, Vitaliy"]
[Result "0-1"]
[WhiteElo "2541"]
[BlackElo "2601"]
[Annotator "TA"]
[PlyCount "66"]
[EventDate "2022.03.16"]
[EventType "swiss"]
[EventCountry "ITA"]
[SourceTitle "playchess.com"]
[Source "ChessBase"]
[SourceQuality "1"]

{[%evp 9,66,11,49,29,35,33,41,9,20,0,0,0,0,0,0,0,0,0,7,4,0,-46,-53,-120,-120,-116,-115,-112,-107,-92,-106,-114,-87,-101,0,-72,-66,-64,-101,-143,-150,-141,-123,-513,-516,-515,-524,-516,-527,-525,-517,-518,-513,-617,-570,-466,-464,-740,-713]} 1. d4 d5 2. c4 c6 3. Nf3 e6 4. e3 Nd7 5. Nc3 f5 6. b3 {A84: Dutch Defence: 2 c4 Miscellaneous.} Ngf6 7. Bb2 Ne4 {[#]} 8. Qc1 $146 {White is slightly better.} ({Predecessor:} 8. Qc2 Bd6 9. g3 O-O 10. Bg2 b6 11. O-O Bb7 12. Ne2 Qf6 13. Nf4 Rae8 14. Nd3 {½-½ (31) Kabatianski,A (2404)-Smeets,J (2609) Netherlands 2012}) 8... Bd6 9. g3 O-O 10. Bg2 b5 11. c5 Bc7 12. b4 a5 13. a3 $1 e5 14. Ne2 {[%cal Rf3e5]} f4 15. gxf4 (15. dxe5 $11 fxe3 16. Qxe3) 15... exf4 $15 16. Nxf4 (16. exf4 $15 Ndf6 17. Ne5) 16... Bxf4 $17 17. exf4 Ndf6 $1 {[%cal Bd7f6,Bf6h5,Bh5f4][%mdl 32] White must now prevent ...Nh5. Black is more active.} 18. Ne5 Nh5 $1 19. Bxe4 dxe4 20. d5 Nxf4 21. Rg1 Qxd5 (21... axb4 $17 22. axb4 (22. Rxg7+ $2 Kxg7 23. Nxc6+ Kg6 $19) 22... Rxa1 23. Bxa1 cxd5) 22. Qc3 (22. Qe3 $1 $11 Ra7 23. Rd1) 22... Ra7 {...axb4 is the strong threat.} 23. Rd1 $1 Qe6 {And now ...axb4 would win.} 24. Rd6 {[#]} (24. Rd2 $142) 24... axb4 $1 25. axb4 Qf5 $40 {[%mdl 128] Threatens to win with ...Nd5. Black is out for blood. Really sharp!} 26. Qg3 $2 {[%mdl 8192] White does not recover from this.} (26. Kd1 $17 Qh5+ 27. Kc2) 26... e3 $1 $19 {Black is clearly winning.} ({Much less strong is} 26... Nd3+ 27. Nxd3 g6 28. Qe5 $1 (28. Nf4 e3 $11) 28... Qxe5 29. Nxe5 $18) 27. Qxe3 Qb1+ (27... Ra2 {[#]} 28. Rxg7+ $1 Kxg7 29. Qg3+ Ng6 30. Nxg6+ Kf7 31. Rf6+ (31. Nh8+ Ke8 $16) 31... Qxf6 32. Bxf6 hxg6 33. Be5 $18) 28. Qc1 Qe4+ 29. Qe3 Qxb4+ 30. Qc3 Qe4+ 31. Qe3 Qb1+ 32. Qc1 Qf5 33. Kd2 {[#] Inhibits Ne2.} (33. Qe3 $142 Re8 34. Kd2) 33... Ne2 $1 {[%mdl 512] Weighted Error Value: White=0.52/Black=0.05 (flawless)} 0-1

[Event "Festival Primavera Cattolica 2022"]
[Site "Cattolica"]
[Date "2022.03.19"]
[Round "6.2"]
[White "Ohanyan, Emin"]
[Black "Basso, Pier Luigi"]
[Result "1/2-1/2"]
[WhiteElo "2379"]
[BlackElo "2600"]
[Annotator "TA"]
[PlyCount "64"]
[EventDate "2022.03.16"]
[EventType "swiss"]
[EventCountry "ITA"]
[SourceTitle "playchess.com"]
[Source "ChessBase"]
[SourceQuality "1"]

{[%evp 14,64,27,9,18,16,31,16,13,14,22,29,32,0,7,0,0,-11,-14,-19,-11,0,0,0,0,0,0,0,0,0,0,0,0,0,0,0,0,0,51,4,4,4,11,9,18,11,21,17,32,26,15,19,47]} 1. d4 d5 2. c4 c6 3. Nf3 Nf6 4. Nc3 e6 5. Bg5 h6 6. Bxf6 Qxf6 7. e3 Nd7 8. Be2 Bb4 {D43: Semi-Slav: 5 Bg5 h6.} 9. O-O Qe7 10. Qc2 O-O 11. a3 Bxc3 12. Qxc3 dxc4 {[#]} 13. Bxc4 $146 ({Predecessor:} 13. Qxc4 e5 14. Qc2 exd4 15. Nxd4 Nf6 16. Rfd1 c5 17. Nf5 Bxf5 18. Qxf5 Rad8 19. Bc4 {½-½ (49) Esipenko,A (2620)-Zvjaginsev,V (2635) Sochi 2019}) 13... b6 $1 14. e4 Bb7 15. Qe3 c5 16. Rad1 cxd4 17. Nxd4 Rac8 18. Bb5 {[%cal Od4e6]} Nc5 19. f3 a6 20. Be2 Rfd8 21. Rd2 Qg5 22. Qxg5 hxg5 23. Rfd1 g6 24. Nb3 Rxd2 25. Nxd2 Rd8 (25... b5 $11) 26. Nc4 (26. b4 $14 {might be stronger.} Na4 27. Nc4 Rxd1+ 28. Bxd1) 26... Rxd1+ $11 27. Bxd1 {[%mdl 4096] Endgame KBN-KBN} Nd7 28. Kf2 Kf8 29. Ke3 Ke7 30. b4 Bc6 31. Kd4 Bb5 32. Ne3 Kd6 {Weighted Error Value: White=0.06 (flawless) /Black=0.07 (flawless)} 1/2-1/2

[Event "Festival Primavera Cattolica 2022"]
[Site "Cattolica"]
[Date "2022.03.19"]
[Round "6.3"]
[White "Jobava, Baadur"]
[Black "Davtyan, Artur"]
[Result "1/2-1/2"]
[WhiteElo "2588"]
[BlackElo "2460"]
[Annotator "TA"]
[PlyCount "119"]
[EventDate "2022.03.16"]
[EventType "swiss"]
[EventCountry "ITA"]
[SourceTitle "playchess.com"]
[Source "ChessBase"]
[SourceQuality "1"]

{[%evp 16,119,14,-6,6,0,0,-21,-16,-41,3,8,0,12,1,9,12,2,6,14,8,0,6,-3,0,0,0,0,8,11,17,0,0,0,0,0,0,0,0,0,0,0,0,0,0,0,14,6,10,8,9,0,0,0,0,0,0,0,0,0,0,0,0,0,0,0,20,20,20,0,0,0,0,0,0,0,0,0,0,0,0,0,0,0,0,0,0,0,0,0,0,0,0,0,0,0,0,0,0,0,0,0,0,0,0,0]} 1. e4 e5 2. Nf3 Nc6 3. Bc4 Nf6 4. Ng5 d5 5. exd5 Na5 6. Bb5+ c6 7. dxc6 bxc6 8. Be2 h6 9. Nh3 $1 {[%cal Bg5h3,Bh3g1,Bg1f3,Bf3d2][%mdl 4] is recently more successful than 9.Nf3.} Be7 {C59: Two Knights: 4 Ng5 d5 5 exd5 Na5 5 Bb5+ c6 6 dxc6 bxc6 7 Be2.} 10. d3 O-O 11. Ng1 {[#]} Qb6 $146 {[%mdl 1024] White should prevent ...Bc5. Black has compensation.} ({Predecessor:} 11... c5 12. Nf3 Qc7 13. Nbd2 Rd8 14. O-O c4 15. Qe1 Bb7 16. Nxc4 Nxc4 17. dxc4 e4 18. Nd2 Bd6 19. Nb3 Bxh2+ 20. Kh1 Be5 21. c3 e3 22. Bxe3 Qc6 23. Bf3 Qxf3 {0-1 (23) Malakhatko,V (2512)-Timoshenko,G (2539) Kiev 2003}) 12. Nc3 Rd8 (12... e4 $15 {is more appropriate.}) 13. Nf3 $1 $11 {The position is equal.} e4 14. Nd2 Bf5 {[%cal Re4d3]} 15. O-O {[%cal Rc3e4]} exd3 16. cxd3 Bxd3 17. Bxd3 Rxd3 18. Qe2 {[%csl LRd3,LRe7]} Rd7 19. Re1 Bb4 20. Nf3 Bxc3 21. bxc3 Qc5 22. Be3 Qxc3 23. Qa6 Rd5 24. Bd4 Qc4 25. Qxc4 Nxc4 {Pair of Knights!} 26. Rac1 Nd2 {[#] And now ...Nxf3+ would win.} 27. Bxf6 Nxf3+ 28. gxf3 {Black must now prevent Be7.} gxf6 29. Rxc6 {[%mdl 4096] Endgame KRR-KRR} Kg7 30. Ra6 Rd7 31. Re4 Rb8 32. Rg4+ Kf8 33. Rga4 Rb2 $1 34. Rxa7 Rdd2 35. Ra8+ Ke7 $1 36. Re4+ Kd7 $1 37. Ra7+ Kd6 38. Rxf7 Rxf2 39. Rxf6+ Kd5 40. Rxh6 Rxa2 41. Rh5+ Kd6 42. Rh3 Rg2+ 43. Kh1 Rgf2 {[%cal Rf2f1] [#]} 44. Re1 {Prevents Rf1+.} Ra3 45. Rh6+ Kd7 46. Rh4 Rd3 {Inhibits Rd4+.} 47. Rh7+ Kd6 48. Rh6+ Kd7 49. Rh4 Rfxf3 50. Rh7+ Kd6 51. Rh6+ Kd7 52. Kg2 Rfe3 53. Ra1 {Hoping for Ra7+.} Ra3 {Inhibits Ra7+.} 54. Rf1 Ke7 55. Rf2 Ra4 56. Rh7+ Ke6 57. Rh6+ Ke7 58. h3 Rae4 59. Rh7+ Ke8 60. Rh8+ {An even fight not without its subleties.  Weighted Error Value: White=0.03 (flawless) /Black=0.02 (flawless)} 1/2-1/2